[Event "Moniek_Janssen's Schweizer System"]
[Site "T#646157Emanuel Laske"]
[Date "2020.05.18"]
[Round "2"]
[White "Trotsky"]
[Black "Toosieslide"]
[Result "0-1"]
[WhiteElo "1554"]
[BlackElo "2181"]
[Annotator "TA"]
[PlyCount "54"]
[EventDate "2020.05.18"]
[EventType "swiss (blitz)"]

{[%evp 15,54,12,16,11,37,10,11,-56,-57,-74,-37,-92,-10,-91,-36,-217,-237,-222,-237,-336,-329,-653,-648,-635,204,241,200,211,959,939,29948,29947,3216,3035,29987,29988,29988,29989,29985,4650,5402]} 1. d4 d5 2. e3 Nf6 3. c4 c6 4. Nc3 e6 5. Bd3 Nbd7 6. Nf3 dxc4 7. Bxc4 b5 8. Bd3 Bd6 9. Qc2 {D47: Semi-Slav: Meran System.} O-O 10. Ng5 {[%cal Rd3h7]} h6 {[#]} 11. h4 $146 ({White should try} 11. Nge4 $11 Be7 12. O-O) ({Predecessor:} 11. Nge4 Be7 12. Nxf6+ Nxf6 13. O-O Bb7 14. Ne4 Nxe4 15. Bxe4 Qb6 16. a3 a5 17. Bd2 {0-1 (30) Barkhatov,I-Petrigin,M ICCF email 2013}) 11... Bb7 $15 12. Bd2 a6 13. O-O-O (13. Nce4 $15 Be7 14. Nxf6+ Nxf6 15. Nh7) 13... Rc8 (13... Be7 $17 {next ...c5 is good for Black.} 14. Nh7 Nxh7 15. Bxh7+ Kh8) 14. Kb1 (14. Nce4 $11 Be7 15. Nc5 Nxc5 16. dxc5) 14... c5 (14... Qe7 $17) 15. d5 $2 (15. Bh7+ $1 $15 Kh8 16. Be4 Nxe4 17. Ncxe4 Bxe4 18. Qxe4) 15... exd5 $19 16. Bh7+ Kh8 17. e4 (17. Bf5 $142 b4 18. Ne2) 17... d4 ({Don't take} 17... hxg5 18. Bf5) 18. Nd5 $2 (18. Bf5) 18... Nxh7 19. e5 {[%csl Gg5][%cal Rc2h7]} Nhf6 $4 {[%mdl 8192]} (19... f5 $19 20. exf6 Nhxf6 21. Nxf6 Nxf6) 20. exf6 $18 {[%csl Gg5][%cal Rc2h7]} g6 {[#]} 21. h5 $1 $40 {[%cal Rh5g6][%mdl 128] White has strong attack.} Nxf6 $2 (21... Bxd5 22. hxg6 Qxf6 23. Rxh6+ Kg7 {[%mdl 64] Double Attack}) 22. hxg6 h5 23. Nxf6 Qxf6 24. Rxh5+ Kg7 25. Rh7+ Kg8 26. gxf7+ Rxf7 27. Rdh1 (27. Rxf7 $142 Qxf7 28. Nxf7 Bf8 29. Qg6+ Bg7 30. Re1 Be4+ 31. Rxe4 Rf8 {[#]} 32. Bh6 $1 {[%mdl 512]} Rxf7 33. Re8+ Rf8 34. Qxg7#) 27... d3 {[%mdl 32768] Accuracy: White = 38%, Black = 30%. . Loss on time!?} 0-1

[Event "Moniek_Janssen's Schweizer System"]
[Site "T#646157Emanuel Laske"]
[Date "2020.05.18"]
[Round "3"]
[White "Mepe_Nika"]
[Black "Weltszmerc"]
[Result "0-1"]
[WhiteElo "2348"]
[BlackElo "2098"]
[Annotator "TA"]
[PlyCount "90"]
[EventDate "2020.05.18"]
[EventType "swiss (blitz)"]

{[%evp 13,89,8,19,2,14,-10,-8,0,-8,0,0,0,0,0,0,0,0,0,0,-85,-38,-215,-210,-291,-295,-318,-324,-366,-367,-1131,-336,-839,-847,-800,-369,-358,-304,-379,-336,-440,-397,-389,-341,-389,-367,-383,-352,-377,-366,-540,-494,-457,-475,-731,-495,-494,-494,-495,-452,-452,-455,-666,-664,-1022,-1007,-972,-963,-1297,-1160,-1067,-840,-1781,-1695,-2783,-2614,-29994,-29995,-29999]} 1. c4 b6 2. d4 Bb7 3. Nc3 Nf6 4. f3 d5 5. cxd5 Nxd5 6. e4 Nxc3 7. bxc3 e6 8. Be3 {A50: Queen's Fianchetto Defence (1 d4 Nf6 2 c4 b6).} Be7 9. Bd3 O-O 10. Ne2 {The position is equal.} c5 11. O-O cxd4 12. cxd4 Nc6 13. Rc1 Nb4 {[#]} 14. Bb1 $146 ({Predecessor:} 14. Bc4 Qd7 15. Nc3 Rac8 16. Qe2 Rxc4 17. Qxc4 Ba6 18. Qb3 Bxf1 19. Rxf1 {0-1 (51) Weiler,D (2117)-Gazic,J (2283) Werther 2013}) 14... Qd7 15. a3 Nc6 {[%cal Bb4c6,Bc6a5,Ba5b3,Bb3c1][%mdl 32]} 16. Qd2 (16. Qa4 $11 {keeps the balance.}) 16... Na5 {White must now prevent ...Nb3.} 17. Rfd1 $2 {[#] White does not recover from this.} ({White should play} 17. Qd3 $15) 17... Nb3 $19 ({Much less strong is} 17... Bxa3 18. Rc2 $15) 18. Qb2 Nxc1 19. Rxc1 Rac8 20. Rd1 Qa4 21. h3 $2 (21. Rd2) 21... Qxa3 $2 (21... Qxd1+ 22. Kh2 {[#]} Bxa3 $1 {[%mdl 512]}) 22. Qd2 $2 (22. Qxa3 Bxa3 23. Kf2) 22... Bb4 23. Qd3 Qxd3 (23... Qa4 $142 24. Rc1 Ba6) 24. Bxd3 Be7 25. Nf4 Bd6 26. Bb1 Bxf4 27. Bxf4 Rc3 28. Be5 {and the idea d5 leaves White hopeful.} f6 29. Bf4 Rfc8 30. Ba2 Kf7 31. Kh2 (31. d5 {keeps fighting.} exd5 32. exd5) 31... Rc2 32. Bb3 Rb2 33. Ba4 (33. Ra1 $142 a5 34. Bd1) 33... a6 {Threatens to win with ...b5.} 34. Ra1 b5 35. Bd1 g5 36. Bc1 Rb4 37. Kg3 (37. Be3 $142) 37... Rxd4 38. Bb2 Rd2 39. Ba3 a5 40. Bd6 b4 41. e5 fxe5 42. Ba4 Rxd6 43. Kg4 Rd2 44. g3 Kg6 {[%csl Gg6][%cal Rh7h5]} 45. Re1 h5# {Accuracy: White = 26%, Black = 67%.} 0-1

[Event "Moniek_Janssen's Schweizer System"]
[Site "T#646157Emanuel Laske"]
[Date "2020.05.18"]
[Round "3"]
[White "Toosieslide"]
[Black "Log"]
[Result "1-0"]
[WhiteElo "2182"]
[BlackElo "1640"]
[Annotator "TA"]
[PlyCount "97"]
[EventDate "2020.05.18"]
[EventType "swiss (blitz)"]

{[%evp 15,97,30,25,-18,35,26,37,44,48,-28,-16,-52,-37,-27,-29,-63,-61,-147,-150,-145,-43,-62,136,-70,14,18,19,6,12,-26,0,0,38,6,8,4,81,0,3,-8,0,-5,0,0,0,0,8,0,8,0,0,-529,0,0,0,0,1,1,5,0,0,0,5,5,5,5,8,6,9,0,0,0,0,0,0,0,0,0,0,0,0,0,0,0]} 1. d4 Nf6 2. c4 g6 3. Nc3 d5 4. cxd5 Nxd5 5. e4 Nxc3 6. bxc3 c5 7. Nf3 Bg7 8. Be3 Bg4 9. Be2 {D85: Exchange Grünfeld: Unusual White 7th moves and lines with 7 Nf3.} cxd4 ({Black should play} 9... Nc6 $11) 10. cxd4 $14 Qa5+ 11. Qd2 {White is slightly better.} Qxd2+ 12. Kxd2 (12. Nxd2 $14 Bxe2 13. Kxe2) 12... Nc6 $11 13. e5 {[#]} O-O $146 ({Predecessor:} 13... Rd8 14. Kc3 O-O 15. h3 Bxf3 16. gxf3 Rc8 17. Kb3 Rfd8 18. Rhd1 Na5+ 19. Kb4 Nc6+ {0-1 (36) Phiri,R (2121)-Lee,J (1884) Tromsoe 2014}) 14. h3 Bf5 15. Rac1 Rfd8 16. Rc4 (16. Kc3 $15) 16... Be6 $17 17. Rc2 Nb4 (17... Nxe5 $17 18. Rc7 Nxf3+ 19. Bxf3 Bxd4 20. Bxd4 Rxd4+ 21. Ke3 Rad8 22. Rxe7 Ra4 23. Rxb7 Re8) 18. Rb2 Nxa2 $2 (18... a5 $15 {keeps the upper hand.}) 19. Rxb7 $2 (19. Ra1 $16) 19... Kf8 (19... Bd5 $15 20. Rxe7 Bf8) 20. Ra1 $11 {[#] aiming for Rb2.} Rdb8 21. Rxb8+ Rxb8 22. Kc2 Nb4+ 23. Kd2 Rb7 24. Ne1 f6 25. Bf3 Rb8 (25... Rd7 $11) 26. Nd3 ({Of course not} 26. Rxa7 $6 fxe5 27. Bg5 exd4 $11) (26. exf6 $16 Bxf6 27. Rxa7) 26... Nxd3 27. Kxd3 fxe5 28. dxe5 Bf5+ 29. Ke2 Bxe5 30. Rxa7 Bd6 31. Ra2 Rb1 32. g4 Be6 33. Rd2 $2 {[%mdl 8192] [#]} (33. Ra4 $11 {and White has nothing to worry.}) 33... Rb8 $2 ({Black should try} 33... Bc4+ $19 34. Rd3 Rb2+ 35. Bd2 Bf4) 34. Kf1 {The position is equal.} Kf7 35. Kg2 Rd8 36. Bf4 Rd7 37. Bxd6 (37. Rd4 {seems wilder.} Bxf4 38. Rxf4+ Kg7 39. Ra4 Rd3 40. Be4) 37... Rxd6 {[%mdl 4096] Endgame KRB-KRB} 38. Re2 Rd8 39. Re3 Rd4 40. Kg3 Rb4 41. h4 h6 42. g5 hxg5 43. hxg5 Bf5 44. Be2 e6 45. f3 Rb2 46. Re5 Rb4 47. Re3 Rb7 48. Kf2 Re7 49. Ke1 {[%mdl 32768] Accuracy: White = 70%, Black = 71%. . Sensor Board Error (Ke4/e5)?} 1-0

[Event "Moniek_Janssen's Schweizer System"]
[Site "T#646157Emanuel Laske"]
[Date "2020.05.18"]
[Round "3"]
[White "Lazieri3"]
[Black "Little champs"]
[Result "0-1"]
[WhiteElo "2126"]
[BlackElo "2124"]
[Annotator "TA"]
[PlyCount "90"]
[EventDate "2020.05.18"]
[EventType "swiss (blitz)"]

{[%evp 11,90,16,53,10,8,0,0,0,0,4,0,0,6,4,0,9,0,5,21,18,34,0,22,9,11,0,0,0,0,0,29,27,30,0,25,0,0,0,23,15,13,0,0,0,0,-72,-72,-87,-77,-108,-98,-157,-157,-210,-72,-72,-66,-102,-104,-96,0,0,0,0,133,-82,-11,-412,-406,-506,-497,-549,-295,-378,0,-529,-499,-495,-444,-4132,29943]} 1. e4 c6 2. Nc3 d5 3. d4 dxe4 4. Nxe4 Nf6 5. Nxf6+ exf6 6. Nf3 Bg4 7. Bf4 {B15: Caro-Kann: 3 Nc3: 3...g6 and 3...dxe4 4 Nxe4 Nf6 5 Nxf6+ exf6.} (7. Bd3 {feels hotter.} Bd6 8. h3 Qe7+ 9. Be3 Bh5 10. c3) 7... Bd6 8. Bxd6 Qxd6 {[#]} 9. Be2 $146 {The position is equal.} ({Predecessor:} 9. Qe2+ Qe6 10. Qxe6+ fxe6 11. Be2 Nd7 12. h3 Bxf3 13. Bxf3 Kf7 14. O-O-O Nb6 15. Rhe1 {1-0 (38) Filewicz,P (1719)-Filimoniuk,M (1752) Bialystok 2012}) 9... O-O 10. O-O Re8 11. h3 Bh5 12. c3 Nd7 13. Re1 Rad8 14. Nd2 Bg6 15. Bf3 Qc7 16. Be4 c5 (16... Bxe4 {with more complications.} 17. Nxe4 f5 18. Ng5 Rxe1+ 19. Qxe1 Nf6) 17. Bxg6 hxg6 18. Nf3 cxd4 19. Rxe8+ Rxe8 20. Qxd4 Nb6 21. Rd1 Rc8 22. Qd6 Qc4 23. a3 Qe2 24. Rd2 Qb5 25. Qe7 Qc6 26. Rd8+ (26. Rd4 {is interesting.} g5 27. h4 gxh4 28. Nxh4 Qb5 29. Rb4) 26... Rxd8 27. Qxd8+ Kh7 28. Qd4 {[#]} (28. Qe7 $11 {remains equal.}) 28... Nc4 $1 $17 29. Qh4+ Kg8 30. Nd4 Qe8 31. Qf4 (31. b3 $142 Nxa3 32. Nf3) 31... Nxb2 32. Qc7 (32. Nf3 $17) 32... Na4 (32... Qe1+ $19 {has better winning chances.} 33. Kh2 Qxf2 34. Qxb7 Qf4+ 35. Kh1 Qc1+ 36. Kh2 Qf4+ 37. Kg1 Qc1+ 38. Kh2 Qf4+) 33. Qxb7 Nxc3 {...Qe1+ is the strong threat.} 34. Qxa7 Qe1+ 35. Kh2 Qe5+ ({Black should try} 35... Qxf2 $17 {Strongly threatening ...Nd1.} 36. Qb8+ Kh7) 36. Kh1 $11 Ne4 37. Nf3 Nxf2+ (37... Qf4 $11) 38. Kg1 $2 {[#]} (38. Qxf2 $16 {is necessary to keep the advantage.} Qa1+ 39. Qe1 Qxa3 40. h4) 38... Nxh3+ $1 $17 {[%mdl 512]} 39. gxh3 $2 {[%mdl 8192]} (39. Kh1 $11 {and White has nothing to worry.} Qa1+ 40. Kh2) 39... Qg3+ $19 {[%mdl 64] Double Attack} 40. Kh1 {Hoping for Qa8+.} Qxf3+ 41. Kh2 Qe2+ 42. Kh1 Qf3+ 43. Kh2 Kh7 {Black is clearly winning.} 44. Kg1 f5 45. Qf2 (45. a4 $142 Qg3+ 46. Kf1) 45... Qxf2+ $4 {[%mdl 40960] Quite a comeback for White. Accuracy: White = 53%, Black = 76%. . Loss on time!?} (45... Qxa3 $19 46. Qh4+ Kg8 47. Qd8+ Qf8) 0-1

[Event "Moniek_Janssen's Schweizer System"]
[Site "T#646157Emanuel Laske"]
[Date "2020.05.18"]
[Round "3"]
[White "Don59as"]
[Black "Lamborghini"]
[Result "0-1"]
[WhiteElo "2026"]
[BlackElo "2297"]
[Annotator "NA RC"]
[PlyCount "144"]
[EventDate "2020.05.18"]
[EventType "swiss (blitz)"]

1. c4 {[%emt 0:00:01]} g6 {[%emt 0:00:01]} 2. Nc3 {[%emt 0:00:01]} Bg7 {[%emt 0:00:00]} 3. g3 {[%emt 0:00:01]} c5 {[%emt 0:00:00]} 4. Bg2 {[%emt 0:00:01]} Nc6 {[%emt 0:00:01]} 5. e3 {[%emt 0:00:01]} d6 {[%emt 0:00:00]} 6. Nge2 {[%emt 0:00:01]} Bd7 {[%emt 0:00:00]} 7. O-O {[%emt 0:00:01]} Rc8 {[%emt 0:00:01]} 8. h3 {[%emt 0:00:01]} h5 {[%emt 0:00:02]} 9. b3 {[%emt 0:00:02]} Ne5 {[%emt 0:00:01]} 10. d4 {[%emt 0:00:01]} cxd4 {[%emt 0:00:02]} 11. Nxd4 {[%emt 0:00:00]} Nf6 {[%emt 0:00:02]} 12. Bxb7 {[%emt 0:00:02]} Rb8 {[%emt 0:00:01]} 13. Bg2 {[%emt 0:00:01]} O-O {[%emt 0:00:01]} 14. Bd2 {[%emt 0:00:01]} Qc8 {[%emt 0:00:01]} 15. Kh2 {[%emt 0:00:02]} Rd8 {[%emt 0:00:01]} 16. f4 {[%emt 0:00:01]} Nc6 {[%emt 0:00:01]} 17. f5 {[%emt 0:00:02]} Ne5 {[%emt 0:00:01]} 18. fxg6 {[%emt 0:00:01]} fxg6 {[%emt 0:00:01]} 19. Nd5 {[%emt 0:00:01]} Nxd5 {[%emt 0:00:01]} 20. cxd5 {[%emt 0:00:00]} Qa6 {[%emt 0:00:02]} 21. e4 {[%emt 0:00:03]} Qd3 {[%emt 0:00:01]} 22. Ne6 {[%emt 0:00:01]} Bxe6 {[%emt 0:00:01]} 23. dxe6 {[%emt 0:00:00]} h4 {[%emt 0:00:01]} 24. Bf4 {[%emt 0:00:02]} Qxd1 {[%emt 0:00:01]} 25. Raxd1 {[%emt 0:00:01]} hxg3+ {[%emt 0:00:00]} 26. Bxg3 {[%emt 0:00:00]} Rbc8 {[%emt 0:00:01]} 27. Rc1 {[%emt 0:00:02]} Nd3 {[%emt 0:00:01]} 28. Rxc8 {[%emt 0:00:01]} Rxc8 {[%emt 0:00:00]} 29. Rd1 {[%emt 0:00:02]} Ne5 {[%emt 0:00:01]} 30. Bxe5 {[%emt 0:00:01]} Bxe5+ {[%emt 0:00:01]} 31. Kg1 {[%emt 0:00:00]} Rc2 {[%emt 0:00:01]} 32. a4 {[%emt 0:00:01]} Kg7 {[%emt 0:00:01]} 33. Bf3 {[%emt 0:00:01]} Rc3 {[%emt 0:00:02]} 34. Bg2 {[%emt 0:00:01]} Rxb3 {[%emt 0:00:01]} 35. Rc1 {[%emt 0:00:00]} a5 {[%emt 0:00:01]} 36. Rc7 {[%emt 0:00:01]} Kf6 {[%emt 0:00:01]} 37. Rc8 {[%emt 0:00:00]} Kxe6 {[%emt 0:00:01]} 38. Rg8 {[%emt 0:00:01]} Bd4+ {[%emt 0:00:01]} 39. Kf1 {[%emt 0:00:02]} Kf7 {[%emt 0:00:00]} 40. Ra8 {[%emt 0:00:02]} Rb1+ {[%emt 0:00:01]} 41. Ke2 {[%emt 0:00:01]} Rb2+ {[%emt 0:00:00]} 42. Kf3 {[%emt 0:00:01]} Bc3 {[%emt 0:00:02]} 43. Kg3 {[%emt 0:00:01]} Be5+ {[%emt 0:00:01]} 44. Kf3 {[%emt 0:00:01]} Bc3 {[%emt 0:00:01]} 45. e5 {[%emt 0:00:01]} dxe5 {[%emt 0:00:01]} 46. h4 {[%emt 0:00:01]} Kf6 {[%emt 0:00:00]} 47. Bh3 {[%emt 0:00:01]} Rb3 {[%emt 0:00:01]} 48. Ra6+ {[%emt 0:00:00]} e6 {[%emt 0:00:02]} 49. Ke4 {[%emt 0:00:00]} Bb4 {[%emt 0:00:01]} 50. Rxe6+ {[%emt 0:00:01]} Kg7 {[%emt 0:00:01]} 51. Rxe5 {[%emt 0:00:01]} Rxh3 {[%emt 0:00:01]} 52. Rg5 {[%emt 0:00:01]} Kh6 {[%emt 0:00:00]} 53. Kd5 {[%emt 0:00:00]} Rxh4 {[%emt 0:00:01]} 54. Rg3 {[%emt 0:00:01]} Rh5+ {[%emt 0:00:00]} 55. Kc6 {[%emt 0:00:01]} g5 {[%emt 0:00:00]} 56. Kb7 {[%emt 0:00:00]} Rh4 {[%emt 0:00:00]} 57. Rg2 {[%emt 0:00:00]} Kh5 {[%emt 0:00:00]} 58. Rc2 {[%emt 0:00:01]} g4 {[%emt 0:00:00]} 59. Rc5+ {[%emt 0:00:00]} Kg6 {[%emt 0:00:01]} 60. Rc6+ {[%emt 0:00:01]} Kf5 {[%emt 0:00:01]} 61. Ka6 {[%emt 0:00:00]} Rh5 {[%emt 0:00:01]} 62. Rc8 {[%emt 0:00:00]} Kf4 {[%emt 0:00:01]} 63. Rf8+ {[%emt 0:00:00]} Kg3 {[%emt 0:00:00]} 64. Rg8 {[%emt 0:00:01]} Rh6+ {[%emt 0:00:00]} 65. Kb5 {[%emt 0:00:01]} Rh5+ {[%emt 0:00:00]} 66. Kc4 {[%emt 0:00:01]} Rh4 {[%emt 0:00:00]} 67. Rg7 {[%emt 0:00:00]} Kh3 {[%emt 0:00:00]} 68. Kd3 {[%emt 0:00:01]} g3 {[%emt 0:00:00]} 69. Rg6 {[%emt 0:00:00]} Rf4 {[%emt 0:00:01]} 70. Ke2 {[%emt 0:00:00]} Rf8 {[%emt 0:00:01]} 71. Rxg3+ {[%emt 0:00:00]} Kxg3 {[%emt 0:00:01]} 72. Ke3 {[%emt 0:00:00]} Re8+ {[%emt 0:00:01] Time (Lag: Av=0.39s, max=0.9s)} 0-1

[Event "Moniek_Janssen's Schweizer System"]
[Site "T#646157Emanuel Laske"]
[Date "2020.05.18"]
[Round "3"]
[White "SecantFX"]
[Black "Trotsky"]
[Result "1-0"]
[WhiteElo "1868"]
[BlackElo "1553"]
[Annotator "NA RC"]
[PlyCount "65"]
[EventDate "2020.05.18"]
[EventType "swiss (blitz)"]

1. g3 {[%emt 0:00:03]} c5 {[%emt 0:00:01]} 2. Bg2 {[%emt 0:00:01]} d5 {[%emt 0:00:01]} 3. f3 {[%emt 0:00:00]} e6 {[%emt 0:00:01]} 4. d3 {[%emt 0:00:01]} Bd6 {[%emt 0:00:01]} 5. e4 {[%emt 0:00:00]} Nc6 {[%emt 0:00:01]} 6. Ne2 {[%emt 0:00:01]} Nf6 {[%emt 0:00:02]} 7. O-O {[%emt 0:00:01]} Qc7 {[%emt 0:00:01]} 8. c3 {[%emt 0:00:01]} Bd7 {[%emt 0:00:01]} 9. f4 {[%emt 0:00:01]} O-O-O {[%emt 0:00:01]} 10. e5 {[%emt 0:00:01]} Nxe5 {[%emt 0:00:01]} 11. fxe5 {[%emt 0:00:01]} Bxe5 {[%emt 0:00:01]} 12. Nf4 {[%emt 0:00:01]} h5 {[%emt 0:00:02]} 13. h4 {[%emt 0:00:02]} Ng4 {[%emt 0:00:02]} 14. Bh3 {[%emt 0:00:02]} g5 {[%emt 0:00:01]} 15. hxg5 {[%emt 0:00:01]} Kb8 {[%emt 0:00:08]} 16. Bxg4 {[%emt 0:00:01]} hxg4 {[%emt 0:00:01]} 17. Qxg4 {[%emt 0:00:00]} Rh7 {[%emt 0:00:02]} 18. Nd2 {[%emt 0:00:03]} Rdh8 {[%emt 0:00:01]} 19. Nf3 {[%emt 0:00:01]} Bd6 {[%emt 0:00:06]} 20. Kf2 {[%emt 0:00:01]} e5 {[%emt 0:00:01]} 21. Nxd5 {[%emt 0:00:03]} Qc6 {[%emt 0:00:05]} 22. Qe4 {[%emt 0:00:01]} Ka8 {[%emt 0:00:02]} 23. c4 {[%emt 0:00:01]} f5 {[%emt 0:00:02]} 24. gxf6 {[%emt 0:00:01]} Rh3 {[%emt 0:00:05]} 25. Be3 {[%emt 0:00:01]} Qc8 {[%emt 0:00:02]} 26. Rg1 {[%emt 0:00:01]} Bf5 {[%emt 0:00:02]} 27. Ne7 {[%emt 0:00:05]} Bxe7 {[%emt 0:00:02]} 28. Qd5 {[%emt 0:00:01]} e4 {[%emt 0:00:02]} 29. dxe4 {[%emt 0:00:01]} Bxe4 {[%emt 0:00:01]} 30. Qxe4 {[%emt 0:00:01]} Qc6 {[%emt 0:00:02]} 31. Qxc6 {[%emt 0:00:01]} bxc6 {[%emt 0:00:01]} 32. fxe7 {[%emt 0:00:00]} Re8 {[%emt 0:00:01]} 33. Bf4 {[%emt 0:00:00] Âðåìÿ (Lag: Av=0.39s, max=1.0s)} 1-0

[Event "Moniek_Janssen's Schweizer System"]
[Site "T#646157Emanuel Laske"]
[Date "2020.05.18"]
[Round "4"]
[White "Mepe_Nika"]
[Black "Toosieslide"]
[Result "1-0"]
[WhiteElo "2321"]
[BlackElo "2183"]
[Annotator "TA"]
[PlyCount "77"]
[EventDate "2020.05.18"]
[EventType "swiss (blitz)"]

{[%evp 10,77,19,15,26,12,4,0,10,15,35,4,17,0,0,0,8,0,148,146,168,187,198,197,214,180,260,263,426,389,628,374,396,389,29993,29986,29994,916,2620,1389,1885,1858,1907,1704,1664,1550,1537,1344,1365,241,232,0,279,296,285,256,289,252,2088,1879,29991,29990,29990,0,29991,29992,29992,29990,29994,0]} 1. c4 c6 2. d4 d5 3. cxd5 cxd5 4. Nc3 Nf6 5. Nf3 Nc6 6. Bf4 Ne4 {D13: Slav Defence: Exchange variation without ...Bf5.} 7. Rc1 e6 8. e3 (8. h4 {is more complex.} Qa5 9. e3 Nxc3 10. bxc3 Ba3 11. Rc2) 8... Nxc3 {The position is equal.} 9. bxc3 Bd6 10. Bg3 O-O 11. Bd3 b6 {[#]} 12. e4 $146 ({Predecessor:} 12. O-O Bb7 13. Qe2 Bxg3 14. hxg3 Qe7 15. Rc2 Rac8 16. Rfc1 Rc7 17. e4 dxe4 18. Bxe4 {½-½ (40) Raki,J (2047)-Karenlampi,P (2004) Finland 2008}) 12... Na5 13. e5 Be7 (13... Ba3 $11 {remains equal.}) 14. h4 $1 $16 h6 15. Bb1 $1 {Threatens to win with Qd3.} f5 16. exf6 $1 Rxf6 17. Qc2 $40 {[%mdl 128] White threatens Qh7+ and mate. White wants a kill.} Nc4 (17... Rf5 $142) 18. Qh7+ $18 Kf8 $2 (18... Kf7 19. Ne5+ Nxe5) 19. h5 {And now Bg6 would win.} Ba6 $2 (19... Ke8 20. Bd3 Ba3) 20. Ne5 Nxe5 21. Bxe5 ({Less strong is} 21. dxe5 Rf5 $18) 21... Qd7 $2 (21... Ke8 $18 22. Qxg7 Rf8 23. Qxh6 Bf6) 22. Bg6 Rxg6 23. hxg6 (23. Qh8+ $142 Kf7 24. hxg6+ Kxg6 25. Qxg7+ Kf5 26. Qf7+ Bf6 27. Qxf6+ {[%mdl 64] Double Attack} Kg4 28. Rh4#) 23... Ba3 24. Qh8+ Ke7 25. Qxa8 Bxc1 26. Qg8 Qb5 27. Qf7+ Kd8 28. Qc7+ Ke8 29. c4 $2 (29. Qb8+ Ke7 30. Qxa7+ Kd8 31. Qc7+ Ke8 32. Qf7+ Kd8 33. Qf8+ Kd7 34. Qd6+ Ke8 35. Qxe6+ Kd8 36. Qd6+ Ke8 37. Qe6+ Kd8 38. Qd6+ Ke8 39. Qb8+ Ke7 40. Qa7+ Ke8 41. Qf7+ Kd8 42. Qf8+ Kd7 43. Qd6+ Ke8) 29... Qb4+ {[#]} 30. Ke2 $2 (30. Kf1 $1 $18 Qxc4+ 31. Qxc4 dxc4 32. Ke2 (32. Bxg7 c3+ 33. Kg1 c2 $17)) 30... Bxc4+ $2 {[%mdl 8192]} (30... Qd2+ $1 $11 {and Black stays safe.} 31. Kf3 Qd3+ 32. Kg4 Qxg6+ 33. Kh3 Qh5+ 34. Kg3 Qg6+ 35. Kh3 (35. Kh2 Qh5+ 36. Kg3 Qg6+ 37. Kh3 Qh5+ 38. Kg3 $11) 35... Qh5+ 36. Kg3 Qg6+ 37. Kh3 (37. Kh2 Qh5+ 38. Kg3 $11)) 31. Kf3 Qc3+ 32. Kg4 {White wants to mate with Qb8+.} Be2+ 33. f3 Bxf3+ $2 (33... Qxc7 34. Bxc7 Bg5) 34. gxf3 Qd2 35. Qc8+ Ke7 36. Qc7+ Ke8 37. Qc6+ {White mates.} Ke7 38. Kh3 Qf2 39. Rh2 $2 {[%mdl 32768] Accuracy: White = 56%, Black = 48%. . Loss on time!?} (39. Qd6+ {mates} Ke8 40. Qxe6+ Kd8 {[#]} 41. Bc7+ $1 {[%mdl 576] Decoy, Back Rank} Kxc7 42. Rxc1+ Qc2 43. Rxc2+ Kd8 44. Rc8#) 1-0

[Event "Moniek_Janssen's Schweizer System"]
[Site "T#646157Emanuel Laske"]
[Date "2020.05.18"]
[Round "4"]
[White "Lamborghini"]
[Black "Lazieri3"]
[Result "1-0"]
[WhiteElo "2303"]
[BlackElo "2109"]
[Annotator "TA"]
[PlyCount "51"]
[EventDate "2020.05.18"]
[EventType "swiss (blitz)"]

{[%evp 14,50,11,10,77,57,212,227,250,134,251,233,265,260,332,159,225,231,226,187,334,323,322,311,343,283,283,268,251,264,375,374,1947,1815,29997,29995,29998,29999,29999]} 1. e4 c6 2. d4 d5 3. Nc3 dxe4 4. Nxe4 Nd7 5. Ng5 Ngf6 6. Bd3 e6 7. N1f3 Bd6 8. Qe2 Nb6 {B17: Caro-Kann: Modern Line (4...Nd7).} (8... h6 $11 {remains equal.} 9. Ne4 Nxe4 10. Bxe4 Qc7) 9. Ne5 Bxe5 $2 (9... O-O $14) 10. dxe5 $18 ({Resist} 10. Qxe5 $6 Nbd7 $16) 10... Nfd5 {[#] White is clearly better.} 11. a3 $146 (11. Bxh7 $18 Nd7 12. c4) ({Predecessor:} 11. Nxh7 Nb4 12. Be4 Qd4 13. c3 Qxe5 14. cxb4 Bd7 15. Ng5 f5 16. Bf3 {1-0 (16) Golubev,M (2532)-Atarov,E (2138) playchess.com INT 2004}) 11... h6 (11... Nd7 $16) 12. Ne4 ({Worse is} 12. Nxf7 Kxf7 13. O-O Qh4 $17) 12... O-O 13. c4 Ne7 {[#]} 14. b3 (14. Nf6+ $1 $18 {[%mdl 512] and the rest is easy.} Kh8 {[#]} (14... gxf6 15. Qg4+) 15. Bxh6 $1 {[%mdl 512]} (15. Qe4 Ng6 $14) 15... gxh6 16. Qe3) 14... Bd7 (14... Nd7 $16) 15. Bb2 Ng6 16. g3 Qe7 (16... Qc7 $142 17. Nc5 Rae8) 17. h4 Rfd8 18. h5 Nf8 19. O-O-O c5 20. Nd6 Bc6 21. Rh4 Nc8 (21... Nh7 $142 22. Qe3 Ng5) 22. Rg4 Nxd6 $2 (22... Nb6 23. Qe3 Kh8) 23. exd6 Rxd6 24. Rxg7+ {White mates.} Kh8 {[#]} 25. Rh7+ $1 {[%mdl 576] Double Attack} Kg8 26. Rh8# {Black got outplayed after the opening. Accuracy: White = 65%, Black = 23%.} 1-0

[Event "Moniek_Janssen's Schweizer System"]
[Site "T#646157Emanuel Laske"]
[Date "2020.05.18"]
[Round "4"]
[White "Little champs"]
[Black "Weltszmerc"]
[Result "1-0"]
[WhiteElo "2141"]
[BlackElo "2126"]
[Annotator "TA"]
[PlyCount "49"]
[EventDate "2020.05.18"]
[EventType "swiss (blitz)"]

{[%evp 20,48,-10,-10,18,-9,-9,0,64,0,92,24,31,35,9,-12,8,1,4,6,478,465,526,508,29993,29994,29998,29984,29998,29999,29999]} 1. d4 Nf6 2. e3 b6 3. Nf3 Bb7 4. Be2 e6 5. O-O Be7 6. b3 O-O 7. Bb2 d5 8. c4 c5 9. dxc5 Bxc5 10. Nc3 dxc4 11. Bxc4 a6 {E14: Queen's Indian: Classical Variation (4 e3).} 12. Qe2 b5 13. Bd3 {[#]} Qb6 $146 ({Black should try} 13... Nbd7 $11) ({Predecessor:} 13... Nc6 14. Rad1 Qc7 15. Ne4 Nxe4 16. Bxe4 f5 17. Bxc6 Bxc6 18. Be5 Bxf3 19. Bxc7 Bxe2 {0-1 (19) Medic,M (2167)-Ivekovic,B (2369) Hum na Sutli 2018}) 14. Rad1 (14. a4 $14) 14... Nc6 (14... Nbd7 $11) 15. a3 (15. Ne4 $16 Nxe4 16. Bxe4) 15... Rfd8 16. b4 Be7 17. e4 h6 18. e5 $36 {[%mdl 2048] White has good play.} Nd5 19. Nxd5 exd5 $4 {[%mdl 8192] Black cannot hold the game after this.} (19... Rxd5 $11 {and Black has nothing to worry.} 20. Qe4 g6) 20. e6 $18 f6 21. Bb1 {[#] Qc2 would kill now.} Rac8 (21... Ne5 $18 22. Qc2 Qxe6) 22. Qd3 {White mates.} Ne5 23. Nxe5 fxe5 24. Qh7+ Kf8 25. Qh8# {Accuracy: White = 71%, Black = 35%.} 1-0